| 000 | 00539nam a2200169Ia 4500 | ||
|---|---|---|---|
| 008 | 240729s9999 xx 000 0 und d | ||
| 022 | _a2423-3935 | ||
| 245 | 0 | _aJournal of Optimization in Industrial Engineering | |
| 260 | _aIran, Islamic Republic of | ||
| 260 | _bIslamic Azad University, Qazvin Branch | ||
| 650 | _a Industrial engineering. Management engineering | ||
| 650 | _a Technology (General) | ||
| 650 | _aTechnology | ||
| 856 | _uhttps://doaj.org/toc/455792ab0d0f466d95096bd7b90726fc | ||
| 942 | _2ddc | ||
| 942 | _cDOAJEJ | ||
| 999 |
_c71991 _d71991 |
||
| 945 |
_a1 _bMadushi Gamage _c1 _dMadushi Gamage |
||